[Event "Madrid Oliver Gonzalez Memorial-B 3rd"]
[Site "Madrid"]
[Date "2012.09.04"]
[Round "4"]
[White "Siu Burillo, Joaquin"]
[Black "Barria Arbunic, Manuel"]
[Result "1/2-1/2"]
[WhiteElo "1368"]
[BlackElo "1470"]
[PlyCount "95"]
[EventDate "2012.09.01"]
[EventType "swiss"]
[EventRounds "9"]
[EventCountry "ESP"]
[SourceTitle "CBM 150 Extra"]
[Source "ChessBase"]
[SourceDate "2012.10.19"]
[SourceVersion "1"]
[SourceVersionDate "2012.10.19"]
[SourceQuality "1"]

1. d4 Nf6 2. Bf4 e6 3. e3 c5 4. c3 cxd4 5. exd4 a6 6. Nd2 d6 7. Ngf3 Be7 8. Bd3 0-0 9. 0-0 b5 10. Qc2 Re8 11. Ne4 g6 12. Nxf6+ Bxf6 13. Rfe1 Bb7 14. Be4 d5 15. Bd3 Nd7 16. Qb3 Qb6 17. Ne5 Nxe5 18. Bxe5 Bxe5 19. Rxe5 Bc6 20. h4 a5 21. Qd1 b4 22. Qd2 bxc3 23. bxc3 Rab8 24. Re2 Bb5 25. Rb1 Qa6 26. Bxb5 Rxb5 27. Rxb5 Qxb5 28. Qb2 Rb8 29. Qxb5 Rxb5 30. f3 Kf8 31. Kf2 Ke7 32. Ke3 Kd6 33. Rc2 Rb1 34. Kf2 Rh1 35. Kg3 Rb1 36. Kf2 h6 37. Ke3 Rh1 38. g3 Rh3 39. Rg2 Rh1 40. Kd2 Rf1 41. Ke2 Rb1 42. Kd3 a4 43. Kc2 Rb6 44. Rg1 Kc6 45. Rg2 a3 46. Kd3 Kb5 47. Rc2 Rc6 48. Rc1 1/2-1/2